Degrammaticalization / (رقم التسجيلة. 19743)

تفاصيل مارك
000 -الفاتح
حقل البيانات ثابتة الطول 01140cam a22003494a 4500
001 - رقم الضبط
رقم الضبط 16061372
003 - محدد رقم الضبط
رقم الضبط OSt
005 - وقت وتاريخ اخر تعامل مع التسجيلة
رقم الضبط 20150408113958.0
008 - عناصر البيانات ثابتة الطول - معلومات عامة
حقل البيانات ثابتة الطول 111214s2009 enka b 001 0 eng
010 ## - رقم ضبط مكتبة الكونجرس
رقم ضبط مكتبة الكونجرس 2010290647
015 ## - رقم الببليوجرافية الوطنية
رقم الببليوجرافية الوطنية GBA956169
المصدر bnb
016 7# - رقم ضبط الوكاله الوطنية للضبط الببليوجرافي
رقم ضبط التسجيلة 015285888
المصدر Uk
020 ## - الرقم الدولى المعيارى للكتب
الرقم الدولى المعيارى للكتاب 9780199207923 (hbk.)
020 ## - الرقم الدولى المعيارى للكتب
الرقم الدولى المعيارى للكتاب 0199207925 (hbk.)
020 ## - الرقم الدولى المعيارى للكتب
الرقم الدولى المعيارى للكتاب 0199207933 (pbk.)
020 ## - الرقم الدولى المعيارى للكتب
الرقم الدولى المعيارى للكتاب 9780199207930 (pbk.)
040 ## - مصدر الفهرسة
وكالة الفهرسة الأصلية UKM
وكالة النسخ MU
042 ## - رمز التحقق
رمز التحقق ukscp
-- lccopycat
050 00 - رقم طلب مكتبة الكونجرس
رقم التصنيف P299.G73
رقم المادة N67 2009
082 04 - رقم تصنيف ديوى العشرى
رقم التصنيف 425 N M D
رقم الطبعة 22
100 1# - المدخل الرئيسى - إسم شخصى
الإسم الشخصى Norde, Muriel,
التواريخ المصاحبة للاسم 1968-
9 (RLIN) 8382
245 10 - بيان العنوان
العنوان Degrammaticalization /
بيان المسئوليه,etc Muriel Norde.
260 ## - PUBLICATION, DISTRIBUTION, ETC. (IMPRINT)
مكان الناشر او الموزع Oxford ;
-- New York :
اسم الناشر او الموزع Oxford University Press,
تاريخ النشر أو التوزيع 2009.
300 ## - الوصف المادى
التعداد xvi, 270 p. :
تفاصيل ماديه اخرى للوعاء ill. ;
أبعاد الوعاء 24 cm.
490 1# - بيان السلسلة
عنوان السلسلة Oxford linguistics.
504 ## - تبصرة ببليوجرافية
تبصرة ببليوجرافية,الخ Includes bibliographical references (p. [239]-258) and index.
650 #0 - المدخل الاضافى بالموضوع-مصطلح موضوعى
مصطلح موضوعي أو اسم جغرافي كعنصر مدخل Grammar, Comparative and general
التقسيم الفرعي العام Grammaticalization.
9 (RLIN) 8383
830 #0 - المدخل الاضافى بالسلسلة -عنوان موحد
عنوان موحد Oxford linguistics.
9 (RLIN) 7164
906 ## - عنصر بيانات محلى F, LDF (RLIN)
a 7
b cbc
c copycat
d 2
e ncip
f 20
g y-gencatlg
942 ## - عناصر المدخل الإضافي( كوها)
مصدر التصنيف او مخطط الترفيف Dewey Decimal Classification
Koha [default] item type DVD
المقتنيات
حالة الفقد نموذج السعر الفعال حالة تلف ليس للاعارة رقم الطلب رقم النسخة تاريخ الاكتساب الموقع الحالي الباركود الفرع الرئيسي Date last seen نوع المادة فى نظام كوها مصدر التصنيف او خطة الترفيف Total Checkouts
  2013-03-10     425 N M D n 1 2011-12-14 قسم الاجراءات الفنية (IC) 00100578 قسم الاجراءات الفنية (IC) 2013-03-10 كتاب Dewey Decimal Classification  
  2013-03-10     425 N M D n 2 2011-12-14 قسم الاجراءات الفنية (IC) 00100579 قسم الاجراءات الفنية (IC) 2013-03-10 كتاب Dewey Decimal Classification  
  2013-03-10     425 N M D n 3 2011-12-14 قسم الاجراءات الفنية (IC) 00100580 قسم الاجراءات الفنية (IC) 2013-03-10 كتاب Dewey Decimal Classification  
  2013-03-10     425 N M D n 4 2011-12-14 قسم الاجراءات الفنية (IC) 00100581 قسم الاجراءات الفنية (IC) 2013-03-10 كتاب Dewey Decimal Classification